000 00269nam a22001217a 4500
008 170530b xxu||||| |||| 00| 0 eng d
041 _aeng
080 _a94(7/8)
100 _a16
101 _aSHH
245 _aDOES AMERICA THE POOR
_cTROPMAN.J.E
942 _2udc
_cBK
999 _c15002
_d15002